000 01706nam a22001577a 4500
041 _aukr
080 _a09
090 _bКУЧ
100 _aКучер Н. О.
245 _aХудожньо-філософська структура персонажа у творчості Річарда Баха
260 _aОстрог
_bКАФ
_c2007
300 _a72
520 _aВступ Розділ 1. Філософія життя як джерело світогляду персонажів у творах Р. Баха. 1.1 Роль прагматичного підходу у творчості Р. Баха в історичному контексті 1.2 Розповідач як віддзеркалення досвіду автора 1.3 Картезіанські ідеї як основа пізнання світу персонажів Р. Баха Розділ 2. Багатоаспектність моделювання постмодерного персонажа 2.1 Алегоричне осмислення конфлікту індивіда і соціуму 2.2 Новозаповітна бінарна опозиція конфлікту 2.3 Психодрама як тип моделювання сюжету і персонажа Розділ 3. Процес символізації образів у творах Р. Баха 3.1 Художній потенціал образу-деталі 3.2 Роль сакральних стереотипів у творенні символу Висновки Список використаної літератури
_0літературознавство, персонаж,Бах
650 _aResearch Papers
999 _c283942
_d283942
942 _cBK